Loading...
| Literature - European | 2 | 2 | 0 | 1 | 50 | 80 | 106.75 | 0 | 1 | 6.77 | 14.26 |
| Fine Arts - Classical Music and Opera | 0 | 5 | 1 | 0 | 45 | 106 | 122.40 | 0 | 0 | 2.71 | 12.64 |
| Literature - World | 1 | 2 | 1 | 2 | 30 | 86 | 109.67 | 0 | 1 | 5.46 | 11.13 |
| Fine Arts - Other Arts | 1 | 1 | 0 | 0 | 25 | 77 | 92.00 | 0 | 1 | 5.02 | 9.52 |
| Literature - American | 1 | 1 | 0 | 0 | 25 | 39 | 80.50 | 1 | 1 | 5.42 | 8.33 |
| Literature - British | 1 | 2 | 2 | 0 | 25 | 51 | 112.00 | 0 | 1 | 5.42 | 8.81 |
| Beliefs | 0 | 2 | 0 | 2 | 20 | 131 | 134.50 | 0 | 0 | 0.11 | 0.87 |
| Philosophy | 0 | 2 | 0 | 2 | 20 | 123 | 131.50 | 0 | 0 | 0.11 | 3.03 |
| Science - Biology | 1 | 0 | 0 | 0 | 15 | 68 | 68.00 | 0 | 1 | 3.41 | 6.49 |
| Visual Arts | 0 | 2 | 2 | 1 | 10 | 99 | 115.00 | 0 | 1 | 2.18 | 5.79 |
| Modern World | 0 | 1 | 0 | 0 | 10 | 105 | 105.00 | 0 | 0 | 3.20 | 11.67 |
| Science - Other | 0 | 1 | 0 | 0 | 10 | 83 | 83.00 | 0 | 0 | 2.01 | 2.53 |
| Science - Chemistry | 0 | 1 | 0 | 0 | 10 | 117 | 117.00 | 0 | 0 | 0.18 | 0.60 |
| History - European | 0 | 1 | 0 | 1 | 10 | 136 | 136.00 | 0 | 0 | 0.05 | 0.60 |
| Social Science | 0 | 0 | 1 | 0 | -5 | 0.00 | 0 | 0 | 0.00 | 0.00 |